00532nam a2200193 u 45000010006000000050017000060080041000230350010000640350021000740400013000950410008001080820008001161000030001242450095001542500011002492600042002603000016003026500020003185985320260504072019.0960313s1964 spa  a59853 a(OCoLC)651507203 ccomduadb aspa 4a66410aRollin, Edmundo4auteaut10aElaboracion de chocolate y bombones : estudio del caco y examen de sus distintas calidades a2. ED. aBarcelona :bEditorial Sintes,c1964. a151P. : IL. 7aChocolate2lemb